| 000 | 00898nam a22002171 4500 | ||
|---|---|---|---|
| 001 | he 65000031 | ||
| 003 | DLC | ||
| 005 | 20260227111427.0 | ||
| 008 | 851122s1964 is a b 00010 eng | ||
| 010 | _ahe 65000031 //r85 | ||
| 040 |
_aDLC/ICU _cICU |
||
| 041 | 1 | _aengrus | |
| 050 | 0 |
_aQC880 _b.V8813 |
|
| 100 | 1 | 0 | _aVulʹfson, N. I. |
| 240 | 1 | 0 |
_aIssledovanie konvektivnykh dvizheniĭ v svobodnoĭ atmosfere. _lEnglish |
| 245 | 1 | 0 |
_aConvective motions in a free atmosphere _c[by] N.L. [i.e. I.] Vulʹfson. (Issledovanie konvektivnykh dvizheniĭ v svobodnoĭ atmosfere) [Translated and edited by IPST staff]. |
| 260 | 0 |
_aJerusalem, _bIsrael Program for Scientific Translations; _b[available from the Office of Technical Services, U.S. Dept. of Commerce, Washington] _c1964. |
|
| 300 |
_aviii, 188 p. _billus. _c24 cm. |
||
| 504 | _aBibliography: p. 182-188. | ||
| 650 | 0 | _aConvection (Meteorology) | |
| 999 |
_c30850 _d30850 |
||